Best formula 1 drivers without win - Statistics

General Stats
  • This quiz has been taken 217 times
  • The average score is 5 of 20
Answer Stats
Races Driver % Correct
181 Hulkenberg
96%
141 Magnussen
64%
179 Grosjean
47%
122 Stroll
40%
183 Heidfeld
32%
208 De Cesaris
22%
128 Sutil
21%
110 Kvyat
19%
96 Amon
16%
158 Brundle
16%
105 de la Rosa
15%
110 Salo
14%
97 Ericsson
13%
107 Verstappen
11%
132 Cheever
7%
134 Jarier
7%
146 Warwick
7%
98 Diniz
5%
118 Martini
4%
109 Alliot
3%
No matching quizzes found
Score Distribution
Percent of People with Each Score
Percentile by Number Answered
Your Score History
You have not taken this quiz